|
|
|
|
| LEADER |
00000nas a2200000 a 4500 |
| 001 |
ssj0013117 |
| 003 |
WaSeSS |
| 005 |
20200512172242.0 |
| 006 |
m d |
| 007 |
cr n |
| 008 |
010116d19851996vautr pss 0 a0eng c |
| 010 |
|
|
|a 2014236655
|
| 022 |
|
|
|y 0884-2957
|
| 035 |
|
|
|a (WaSeSS)ssj0013117
|
| 040 |
|
|
|a AAA
|b eng
|c AAA
|d OCL
|d OCLCQ
|d FTUBL
|d OCLCO
|d OCLCQ
|d OCLCF
|d NOC
|d AZU
|d TXJ
|d CO3
|d OCLCQ
|d AU@
|d WaSeSS
|
| 042 |
|
|
|a pcc
|
| 050 |
1 |
4 |
|a PN471
|b .B44
|
| 130 |
0 |
|
|a Belles lettres (Arlington, Va. : Online)
|
| 245 |
1 |
0 |
|a Belles lettres
|h [electronic resource] :
|b a review of books by women.
|
| 246 |
3 |
|
|a Belle lettres
|
| 246 |
3 |
0 |
|a Review of books by women
|
| 260 |
|
|
|a [Arlington, Va.] :
|b [Belles Lettres]
|
| 310 |
|
|
|a Three issues per year,
|b fall 1994-Jan. 1996
|
| 321 |
|
|
|a Frequency varies,
|b 1985-1994
|
| 362 |
1 |
|
|a Print began with vol. 1, no. 1 (Sept./Oct. 1985); ceased with vol. 11, no. 1 (Jan. 1996).
|
| 500 |
|
|
|a Imprint varies.
|
| 506 |
|
|
|a License restrictions may limit access.
|
| 515 |
|
|
|a Vol. 1, no. 1 preceded by a preview issue dated May 1985; issue for summer 1989 called v. 4, no. 4 but constitutes the double issu v. 4, no. 4/v. 5, no. 1.
|
| 538 |
|
|
|a Mode of access: World Wide Web.
|
| 588 |
|
|
|a Description based on: Vol. 2 (Oct. 1986); title from journal information screen.
|
| 650 |
|
0 |
|a Literature
|x Women authors
|v Book reviews
|v Periodicals.
|
| 650 |
|
7 |
|a Literature
|x Women authors.
|2 fast
|0 (OCoLC)fst01000068
|
| 650 |
|
7 |
|a Écrivaine.
|2 rasuqam
|
| 650 |
|
7 |
|a Littérature.
|2 rasuqam
|
| 655 |
|
0 |
|a Electronic journals.
|
| 776 |
0 |
8 |
|i Print version:
|t Belles lettres
|x 0884-2957
|w (DLC) 86649292
|w (OCoLC)12357950
|
| 776 |
1 |
|
|t Belles lettres microform
|w (OCoLC)28959964
|
| 776 |
1 |
|
|t Belles lettres microform
|w (OCoLC)31952527
|
| 776 |
1 |
|
|t Belles lettres (Arlington, Va. : CD-ROM)
|w (OCoLC)39126992
|
| 856 |
4 |
0 |
|z Full text available from Research Library: 10/01/1986 to 01/31/1996
|u https://search.proquest.com/publication/3574
|